000 00919nam a2200289 i 4500
003 CO-ViMGA
005 20240730095838.0
007 ta
008 141112s2002 mx a r 000 u spa d
020 _a9789684941236
040 _aCO-ViMGA
_bspa
_cCO-ViMGA
_erda
041 _aspa
084 _aC DEL3
100 1 _aDélano, Poli
_d1936 -
_941876
245 1 0 _aEl tejón traicionero /
_cPoli Délano; ilustraciones Cecilia Rébora
250 _aPrimera edición
264 1 _aMéxico
_bConsejo Nacional para la Cultura y las Artes2002
300 _a23 páginas
_bilustraciones a color
_c23cm
336 _2rdacontent
_atexto
_btxt
337 _2rdamedia
_asin mediación
_bn
338 _2rdacarrier
_avolumen
_bnc
490 _aEnCuento
650 1 4 _aCuentos infantiles chilenos
_2LEMB
_9756
650 1 4 _acuentos infantiles/ mascotas
_2LEMB
_941877
700 1 _aRébora, Cecilia, il.
_938418
942 _2ddc
_cBKINF
999 _c38251
_d38251